| 000 | 00616nam a2200193Ia 4500 | ||
|---|---|---|---|
| 005 | 20250508163731.0 | ||
| 008 | 008 250505s9999 xx 000 0 eng d | ||
| 037 | _aTextual | ||
| 040 |
_aFEDL _beng _cFEDL |
||
| 041 |
_aeng _2eng |
||
| 084 |
_a371.26, NCE _qFEDL |
||
| 245 | 0 | _aReport of the national study of scholastic achievement at class 10th and 12th levels. 1990 | |
| 245 | 0 | _cN C E R T | |
| 260 |
_aNew Delhi, India _bNational Council of Educational Research and Training _c1997 |
||
| 300 | _axx,301p. | ||
| 365 |
_aINR _b270 |
||
| 942 |
_cTEXL _h371.26, NCE |
||
| 999 |
_c1384961 _d1384961 |
||